| 000 | 00716nam a2200181 a 4500 | ||
|---|---|---|---|
| 001 | 000026248 | ||
| 005 | 20200930024428.0 | ||
| 008 | 110307s2007 dr r 000 0 spa d | ||
| 040 |
_aDO-SdBNP _bspa _cBNPHU |
||
| 082 |
_axxx _bL681 |
||
| 110 | 1 |
_aRepública Dominicana _9447 |
|
| 240 | 1 | 0 | _a[Leyes. etc.] |
| 245 | 1 | 0 | _aLey 88-03 promulgada el 1ro. de mayo de 2003 que instituye las casas de acogida o refugios. |
| 246 |
_aLey 88-03 que instituye las casas de acogida o refugios : _bmanual de uso y reglamento de aplicación y funcionamiento. |
||
| 260 |
_aSanto Domingo : _bSecretaría de Estado de La Mujer, _c2007. |
||
| 300 |
_a67 p. ; _c22 cm. |
||
| 710 | 2 |
_aEmbajada de España en la República Dominicana _953277 |
|
| 999 |
_c25740 _d25740 |
||